Zwycięzcy Eurowizji - rok po roku - Statystyki

Ogólne statystyki
  • Ten quiz został rozwiązany 14 razy
  • Średni wynik to 52 z 72
Statystyki odpowiedzi
Rok Wykonawca Tytuł Państwo % Poprawnych
2024 Nemo The Code Szwajcaria
100%
2021 Måneskin Zitti e buoni Wlochy
100%
2025 JJ Wasted Love Austria
91%
2019 Duncan Laurence Arcade Holandia
91%
2023 Loreen Tattoo Szwecja
91%
2022 Kalush Orchestra Stefania Ukraina
91%
2005 Elena Paparizou My Number One Grecja
82%
1968 Massiel La la la Hiszpania
82%
1980 Johnny Logan What's Another Year Irlandia
82%
2018 Netta Toy Izrael
82%
2010 Lena Meyer-Landrut Satellite Niemcy
82%
2017 Salvador Sobral Amal pelos dois Portugalia
82%
1956 Lys Assia Refrain Szwajcaria
82%
2012 Loreen Euphoria Szwecja
82%
1966 Udo Jurgens Merci Chérie Austria
73%
2014 Conchita Wurst Rise Like a Phoneix Austria
73%
2011 Ell i Nikki Running Scared Azerbejdżan
73%
2000 Olsen Brothers Fly on the Wings of Love Dania
73%
2013 Emmelie de Forest Only Teardrops Dania
73%
1958 André Claveau Dors mon amour Francja
73%
1960 Jacqueline Boyer Tom Pillibi Francja
73%
1962 Isabelle Aubret Un premier amour Francja
73%
1969 Frida Boccara Un jour, un enfant Francja
73%
1977 Marie Myriam L'oiseau et l'enfant Francja
73%
Salomé Vivo cantando Hiszpania
73%
1957 Corry Brokken Net als toen Holandia
73%
Lenny Kuhr De troubadour Holandia
73%
1975 Teach-in Ding-a-Dong Holandia
73%
1970 Dana All Kinds of Everything Irlandia
73%
1987 Johnny Logan Hold Me Now Irlandia
73%
1994 Paul Harrington i Charlie McGettigan Rock 'n' Roll Kids Irlandia
73%
1961 Jean-Claude Pascal Nous, les amoreux Luksemburg
73%
1965 France Gall Poupée de cire, poupée de son Luksemburg
73%
1972 Vicky Leandros Après toi Luksemburg
73%
1973 Anne-Marie David Tu te reconnaîtras Luksemburg
73%
1971 Séverine Un banc, un arbre, une rue Monako
73%
1982 Nicole Ein bißchen Frieden Niemcy
73%
2009 Alexander Rybak Fairytale Norwegia
73%
2008 Dima Bilan Believe Rosja
73%
2007 Marija Šerifović Molitva Serbia
73%
1974 ABBA Waterloo Szwecja
73%
2015 Måns Zelmerlöw Heroes Szwecja
73%
2004 Ruslana Wild Dances Ukraina
73%
2016 Jamala 1944 Ukraina
73%
1967 Sandie Shaw Puppet on a String Wielka Brytania
73%
Lulu Boom Bang-a-Bang Wielka Brytania
73%
1976 Brotherhood of Man Save Your Kisses for Me Wielka Brytania
73%
1964 Gigliola Cinquetti Non ho l'età Włochy
73%
1986 Sandra Kim J'aime la vie Belgia
64%
1963 Grethe i Jørgen Ingmannowie Dansevise Dania
64%
2001 Tanel Padar, Dave Benton i 2XL Everybody Estonia
64%
2006 Lordi Hard Rock Hallelujah Finlandia
64%
1959 Teddy Scholten Een beetje Holandia
64%
1992 Linda Martin Why Me? Irlandia
64%
1993 Niamh Kavanagh In Your Eyes Irlandia
64%
1996 Eimear Quinn The Voice Irlandia
64%
1978 Jizhar Kohen i Alphabeta A-Ba-Ni-Bi Izrael
64%
1979 Gali Atari i Milka and Honey Hallelujah Izrael
64%
1998 Dana International Diva Izrael
64%
1989 Riva Rock Me Jugosławia
64%
2002 Marie N I Wanna Łotwa
64%
1985 Bobbysocks La det swinge Norwegia
64%
1995 Secret Garden Nocturne Norwegia
64%
1988 Celine Dion Ne Partez Pas Sans Moi Szwajcaria
64%
1991 Carola Fångad av en stormvind Szwecja
64%
1999 Charlotte Nilsson Take Me to Your Heaven Szwecja
64%
2003 Sertab Erener Everyway That I Can Turcja
64%
1981 Bucks Fizz Making Your Mind Up Wielka Brytania
64%
1997 Katrina and the Waves Love Shine a Light Wielka Brytania
64%
1983 Corinne Hermès Si la vie est cadeau Luksemburg
55%
1984 Herreys Diggi-Loo Diggi-Ley Szwecja
55%
1990 Toto Cutugno Insieme: 1992 Włochy
55%
Nie znaleziono quizów pasujących do podanych kryteriów
Rozkład punktacji
Procent ludzi z każdym wynikiem
Percentyl według liczby udzielonych odpowiedzi
Twoja historia wyników
Nie rozwiązałeś tego quizu